Geometría proyectiva / (Record no. 138573)

MARC details
000 -LEADER
campo de control de longitud fija 00531nam a2200193 4500
001 - NÚMERO DE CONTROL
campo de control 138573
003 - IDENTIFICADOR DE NÚMERO DE CONTROL
campo de control ES-MaACL
007 - CAMPO FIJO DE DESCRIPCIÓN FÍSICA--INFORMACIÓN GENERAL
campo de control de longitud fija t|
008 - DATOS DE LONGITUD FIJA--INFORMACIÓN GENERAL
campo de control de longitud fija 070214s1977 ag r ||||1| spa d
100 1# - ENTRADA PRINCIPAL--NOMBRE DE PERSONA
Nombre de persona Santaló, Luis A.
9 (RLIN) 103268
245 10 - MENCIÓN DEL TÍTULO
Título Geometría proyectiva /
Mención de responsabilidad, etc. Luis A. Santaló.
250 ## - MENCION DE EDICION
Mención de edición 3ª ed. rev.
260 ## - PUBLICACIÓN, DISTRIBUCIÓN, ETC.
Lugar de publicación, distribución, etc. Buenos Aires :
Nombre del editor, distribuidor, etc. Eudeba,
Fecha de publicación, distribución, etc. 1977.
300 ## - DESCRIPCIÓN FÍSICA
Extensión XII, 371 p. ;
Dimensiones 23 cm.
490 1# - MENCIÓN DE SERIE
Mención de serie Eudeba manuales
830 0# - PUNTO DE ACCESO ADICIONAL DE SERIE-TÍTULO UNIFORME
Título uniforme Eudeba manuales
9 (RLIN) 187101
852 ## - LOCALIZACIÓN
Ubicación ES-MaACL
Número de control de estantería L-8169
Sublocalización o colección R.108601
Holdings
Estatus retirado Estado de pérdida Estado de daño No para préstamo Biblioteca de origen Biblioteca actual Ubicación en estantería Fecha de adquisición Fuente de adquisición Total de préstamos Signatura topográfica completa Código de barras Visto por última vez Precio de reemplazo Tipo de ítem Koha
        Biblioteca del Ateneo de Madrid Biblioteca del Ateneo de Madrid Depósito 2 17/01/2008     L-8169 1144196 23/02/2023 23/02/2023 Libro impreso